000 00650nam a2200217 i 4500
001 124557
003 ES-MaACL
005 20250813062627.0
007 t|
008 070329s1937 sp af |||| | spa d
080 _a745(022)
100 1 _aPérez-Dolz, Francisco.
_990836
245 1 0 _aTeoría y prácticas ornamentales /
_cFrancisco Pérez Dolz.
260 _aBarcelona :
_bLabor,
_c[1937]
300 _a164 p., XIV p. de lám. :
_bil. ;
_c17 cm.
490 1 _aColección Labor ;
_v397
650 4 _aDecoración y ornamentación.
_9146968
830 0 0 _aColección Labor
_v397
_9184254
852 _aES-MaACL
_jE-2864
999 _c124557
_d124557